Часопис київського політрепресанства (Запис № 286821)

МАРК-запис
000 -Лідер
fixed length control field 00869nam a22002657a 4500
003 - Ідентифікатор контрольного номера
control field UA-OsUOA
001 - Контрольний номер
control field 656
007 - Фіксоване поле фізичного опису
fixed length control field ta
008 - Елементи даних фіксованої довжини – загальна інформація
fixed length control field 20050623b un ||||| |||| 00| 0 ukr d
090 ## - Локальний шифр розміщення
Класифікаційний індекс УДК 94(477)
Авторський знак (НП) К64
040 ## - Джерело каталогізації
Агенція оригінальної каталогізації UA-OsUOA
Мова каталогізації ukr
Агенція, яка здійснювала перезапис UA-OsUOA
Агенція, яка здійснювала модифікацію UA-OsUOA
041 ## - Код мови
Код мови тексту/ звукової доріжки чи окремого заголовка (П) ukr
080 ## - Індекс Універсальної десяткової класифікації
Індекс Універсальної десяткової класифікації (УДК) (НП) 94(477)
020 ## - Міжнародний стандартний книжковий номер (ISBN)
Міжнародний стандартний книжковий номер (ISBN) (НП) 966-628-070-1
100 ## - Основне введення – ім’я особи
Ім’я особи (НП) Кондрацький А.А.
245 ## - Відомості про назву
Назва (НП) Часопис київського політрепресанства
260 ## - Публікація, розповсюдження і т.п. (Вихідні дані)
Місце публікації, розповсюдження і т.п. (П) К.
Ім’я/ наймення видавництва, розповсюджувача і т.п. (П) УЦДК
Дата публікації, розповсюдження і т.п. (П) 2003
246 31 - Інша форма назви
Назва (НП) (коротка історія Київського Товариства політвязнів та жертв репресій 1988-2003 рр.)
Номер частини/ розділ роботи (П)
250 ## - Відомості про видання (редакцію)
-- Вид. п'яте, доповнене
300 ## - Фізичний опис
Обсяг 140 с.
650 #7 - Додаткове предметне введення – тематичний термін
Тематичний термін чи географічна назва, як елемент введення (НП) 9 Географія. Біографії. Історія
Джерело заголовка чи терміна UDC
942 ## - Додаткові елементи входу (Коха)
Тип елемента Koha Книги
955 ## - Код типу видання за змістом
Код типу видання за змістом (НП) Наукові видання
Фонди
Стан вилучень Стан втрат Джерело класифікації або схеми стелажів Стан уражень Не для кредиту Постійне місце розташування Поточне розміщення Дата придбання Джерело придбання Вартість, звичайна ціна покупки Інвентарний номер Усього замовленно Повний номер виклику Штрих-код Дата останнього перегляду Ціна ефективна від Тип елемента Koha
    Universal Decimal Classification     АБ - Абонемент НБ АБ - Абонемент НБ 23/06/2005 98/2005 1.00 86330   94(477) К64 86330 25/01/2022 23/06/2005 Книги
    Universal Decimal Classification     АБ - Абонемент НБ АБ - Абонемент НБ 23/06/2005 98/2005 1.00 86331   94(477) К64 86331 25/01/2022 23/06/2005 Книги